000 00315nam a2200133Ia 4500
005 20251222152609.0
008 251222s9999||||xx |||||||||||||| ||spa||
082 _a657.42/A59/Ej.2
100 _aAndrade Espinoza, Simón
245 0 _aCostos y Presupuestos
250 _a2a.ed.
264 _bLucero
942 _cLIB
999 _c26920
_d26920